000 00193 a2200097 4500
020 _a9780938317531
041 _aeng
100 _aDominguez domilita
245 _aQuestions & swords
942 _cBK
999 _c9670
_d9670